CTR year book 2006 : (Record no. 135840)

MARC details
000 -LEADER
fixed length control field 00780nam a22002297a 4500
005 - DATE AND TIME OF LATEST TRANSACTION
control field 20170124110250.0
010 ## - LIBRARY OF CONGRESS CONTROL NUMBER
LC control number B-165975
020 ## - INTERNATIONAL STANDARD BOOK NUMBER
Terms of availability 990.00
035 ## - SYSTEM CONTROL NUMBER
System control number B-165975
037 ## - SOURCE OF ACQUISITION
Source of stock number/acquisition Cen Lib/Ret
040 ## - CATALOGING SOURCE
Original cataloging agency DPL
Language of cataloging EN
082 ## - DEWEY DECIMAL CLASSIFICATION NUMBER
Classification number 347.54077
Item number BIS
100 ## - MAIN ENTRY--PERSONAL NAME
Personal name Bissa, Raman
9 (RLIN) 40232
245 ## - TITLE STATEMENT
Title CTR year book 2006 :
Statement of responsibility, etc by Raman Bissa [and] Rajesh Kapoor
Remainder of title a complete digest of judgments reported during the year 2005 in CTR,ITR and Taxman /
260 ## - PUBLICATION, DISTRIBUTION, ETC. (IMPRINT)
Place of publication, distribution, etc Jodhpur
Name of publisher, distributor, etc Current Tax Reporter
Date of publication, distribution, etc 2006
270 ## - ADDRESS
City Jodhpur
Address 'Archana', 34-Heavy Industrial Area
Postal code 342003
300 ## - PHYSICAL DESCRIPTION
Extent 1047p.
Dimensions 22cm(Hb)
650 ## - SUBJECT ADDED ENTRY--TOPICAL TERM
Topical term or geographic name as entry element Year book - 2006
9 (RLIN) 98712
650 ## - SUBJECT ADDED ENTRY--TOPICAL TERM
Topical term or geographic name as entry element Tax - income and gift
9 (RLIN) 98713
700 ## - ADDED ENTRY--PERSONAL NAME
Personal name Kapoor, Rajesh
9 (RLIN) 98714
942 ## - ADDED ENTRY ELEMENTS (KOHA)
Source of classification or shelving scheme Dewey Decimal Classification
Koha item type English Books
Classification part 347.54077
Call number suffix BIS
Holdings
Withdrawn status Lost status Damaged status Not for loan Home library Current library Date acquired Source of acquisition Cost, normal purchase price Total Checkouts Full call number Barcode Date last seen Copy number Cost, replacement price Price effective from Koha item type
        Central Library Central Library 08/10/2015 Cen Lib/Ret 990.00   347.54077 BIS B-165975 08/10/2015 1 990.00 08/10/2015 English Books
        Central Library Central Library 11/03/2016 Cen Lib/Ret 990.00   347.54077 BIS B-165976 11/03/2016 1 990.00 11/03/2016 English Books

© Delhi Public Library
Hit Counter
free hit counter